Teória štatistiky príručka pre užívateľov štatistických programov na počítačoch EC 1033, SM 50/50 a PMD 85
Uložené v:
| Hlavný autor: | |
|---|---|
| Korporativný autor: | |
| Ďalší autori: | , , , , , , , |
| Médium: | Kniha |
| Jazyk: | Slovak |
| Vydavateľské údaje: |
Bratislava
VŠE
1987
|
| Vydanie: | 1. vyd. |
| Tagy: |
Žiadne tagy, Buďte prvý, kto otaguje tento záznam!
|
MARC
| LEADER | 00000nam a2200000 4500 | ||
|---|---|---|---|
| 001 | c024204 | ||
| 005 | 20230222132453.4 | ||
| 041 | 0 | |a slo | |
| 044 | |a SK | ||
| 245 | 1 | 0 | |a Teória štatistiky |b príručka pre užívateľov štatistických programov na počítačoch EC 1033, SM 50/50 a PMD 85 |c Jozef Chajdiak a kol. |
| 250 | |a 1. vyd. | ||
| 264 | 1 | |a Bratislava |b VŠE |c 1987 | |
| 300 | |a 380 s. | ||
| 100 | 1 | |a Chajdiak, Jozef | |
| 700 | 1 | |a Bodjanová, Slávka | |
| 700 | 1 | |a Bolgáč, Ján, 1959- | |
| 700 | 1 | |a Kotlebová, Eva | |
| 700 | 1 | |a Kvetko, Juraj | |
| 700 | 1 | |a Osuská, Júlia | |
| 700 | 1 | |a Rublíková, Eva | |
| 700 | 1 | |a Turnovec, František | |
| 700 | 1 | |a Šlauková, Iveta | |
| 710 | 2 | |a Vysoká škola ekonomická v Bratislave. Fakulta riadenia | |